书目信息 |
| 题名: |
书香税务
|
|
| 作者: | 陈秀香 主编 ;滨州职业学院 , 滨州市税务局 编 | |
| 分册: | 法治篇 | |
| 出版信息: | 北京 国家开放大学出版社 2019 |
|
| 页数: | 173页 | |
| 开本: | 21cm | |
| 丛书名: | “书香税务”系列文化丛书 | |
| 单 册: | ||
| 中图分类: | K295.23 , F812.423 | |
| 科图分类: | ||
| 主题词: | 文化史--滨州 , 税收管理--研究--中国 , 税收管理--研究--滨州 , 税收管理--法律--研究--中国 | |
| 电子资源: | ||
| ISBN: | 978-7-304-09841-4 | |
| 000 | 01112nam0 2200313 450 | |
| 001 | 0104895909 | |
| 005 | 20200331200336.0 | |
| 010 | @a978-7-304-09841-4@dCNY36.00 | |
| 100 | @a20190909d2019 em y0chiy0120 ea | |
| 101 | 0 | @achi |
| 102 | @aCN@b110000 | |
| 105 | @aab z 000yd | |
| 106 | @ar | |
| 200 | 1 | @a书香税务@9Shu Xiang Shui Wu @i法治篇@f滨州职业学院,滨州市税务局编@b专著 |
| 210 | @a北京@c国家开放大学出版社@d2019 | |
| 215 | @a173页@c图,照片,地图@d21cm | |
| 225 | 1 | @a“书香税务”系列文化丛书 |
| 330 | @a本书分为探本溯源、经典赏读、岁月流金、人文滨州、税史溯源五个部分,主要内容包括:法治、《论语》六则、刑赏忠厚之至论、以身殉法的李离、兵圣孙武、明代的赋税等。 | |
| 606 | 0 | @a文化史@y滨州 |
| 606 | 0 | @a税收管理@x研究@y中国 |
| 606 | 0 | @a税收管理@x研究@y滨州 |
| 606 | 0 | @a税收管理@x法律@x研究@y中国 |
| 690 | @aK295.23@v5 | |
| 690 | @aF812.423@v5 | |
| 701 | 0 | @a陈秀香@4主编@9chen xiu xiang |
| 712 | 02 | @a滨州职业学院@4编@9bin zhou zhi ye xue yuan |
| 712 | 02 | @a滨州市税务局@4编@9bin zhou shi shui wu ju |
| 801 | 0 | @aCN@bAZmarc@c20230906 |
| 905 | @aBZT@dK295.23@e12@f9@sK295.23/12 | |
| 书香税务.法治篇/滨州职业学院,滨州市税务局编.-北京:国家开放大学出版社,2019 |
| 173页:图,照片,地图;21cm.-(“书香税务”系列文化丛书) |
| ISBN 978-7-304-09841-4:CNY36.00 |
| 本书分为探本溯源、经典赏读、岁月流金、人文滨州、税史溯源五个部分,主要内容包括:法治、《论语》六则、刑赏忠厚之至论、以身殉法的李离、兵圣孙武、明代的赋税等。 |
| ● |
| 相关链接 |
|
|
|
正题名:书香税务
索取号:K295.23/12
 
预约/预借
| 序号 | 登录号 | 条形码 | 馆藏地/架位号 | 状态 | 备注 |
| 1 | 2000026817 | 2000026817 | 旧书回溯/ [索取号:K295.23/12] | 在馆 | |
| 2 | 2000031510 | 2000031510 | 旧书回溯/ [索取号:K295.23/12] | 在馆 | |
| 3 | 2000031513 | 2000031513 | 旧书回溯/ [索取号:K295.23/12] | 在馆 | |
| 4 | 2000031610 | 2000031610 | 旧书回溯/ [索取号:K295.23/12] | 在馆 | |
| 5 | 2000031691 | 2000031691 | 旧书回溯/ [索取号:K295.23/12] | 在馆 | |
| 6 | 2000031705 | 2000031705 | 旧书回溯/ [索取号:K295.23/12] | 在馆 | |
| 7 | 2000031792 | 2000031792 | 旧书回溯/ [索取号:K295.23/12] | 在馆 | |
| 8 | 2000031861 | 2000031861 | 旧书回溯/ [索取号:K295.23/12] | 在馆 | |
| 9 | 2000155678 | 2000155678 | 旧书回溯/ [索取号:K295.23/12] | 在馆 |